|
|
|
|
| LEADER |
00000nab a2200000uu 4500 |
| 001 |
vtls011514127 |
| 003 |
SK-MaSNL |
| 005 |
20260303181025.0 |
| 008 |
230704|1976 xo |||||||||||||||||slo| |
| 015 |
|
|
|a SNBRB
|
| 035 |
|
|
|a (urnnbn)urn:nbn:sk:snk:ar-001g20
|
| 035 |
|
|
|a (uuid)f66b3e1a-503a-4bd3-afa8-d3483eafc8b0
|
| 035 |
|
|
|a urn:nbn:sk:snk-abe42l
|
| 040 |
|
|
|a SNKBUCL
|b slo
|c SNKBUCL
|e AACR2
|
| 041 |
0 |
|
|a slo
|
| 044 |
|
|
|a xo
|c SK
|
| 100 |
1 |
|
|a Koška, Ján,
|d 1936-2006
|4 aut
|9 87498
|
| 245 |
1 |
0 |
|a Bulharskí spisovatelia a súčasnosť
|c Ján Koška
|
| 650 |
0 |
7 |
|a bulharská literatúra
|2 SNKPH
|9 1476
|
| 773 |
0 |
|
|t Slovenské pohľady
|g Roč. 92, č. 3 (1976), s. 141-143
|
| 850 |
|
|
|a Slovenská národná knižnica
|
| 852 |
|
|
|a Slovenská národná knižnica
|
| 954 |
|
|
|a odborná, vedecká literatúra pôvodná (slovenská)
|2 lita
|
| 958 |
|
|
|a OND
|
| 958 |
|
|
|a EUIPO
|
| 958 |
|
|
|a article21
|
| 999 |
|
|
|c 2108521
|d 2110451
|